| 000 | 00499nam a22001457a 4500 | ||
|---|---|---|---|
| 082 | _a621.3 | ||
| 100 | _aHafeez, Yasir | ||
| 245 |
_aSampled-data robust control of a class of underactuated electromechanical systems / _cYasir Hafeez. |
||
| 260 |
_aIslamabad: _bCEME - NUST, _c2013. |
||
| 300 |
_a54 p. : _bill. ; _c30cm. |
||
| 650 |
_aElectrical Engineering MS-Thesis. _916073 |
||
| 700 |
_aDr. Fahad Mumtaz Malik _917335 |
||
| 942 |
_2ddc _cTHE |
||
| 999 |
_c540700 _d540700 |
||